LIBRARY & INFORMATION CENTRE, KCAET, TAVANUR

ONLINE PUBLIC ACCESS CATALOGUE (OPAC)

Subject approach to information / (Record no. 9039)

MARC details
000 -LEADER
fixed length control field 00473cam a2200181ua 4500
020 ## - INTERNATIONAL STANDARD BOOK NUMBER
ISBN 1-85604-048-8
041 ## - LANGUAGE CODE
Language code of text/sound track or separate title eng
082 ## - DEWEY DECIMAL CLASSIFICATION NUMBER
Classification number 025.42
Item number FOS/SU
100 ## - MAIN ENTRY--AUTHOR NAME
Personal name Foskett, A.C .
245 ## - TITLE STATEMENT
Title Subject approach to information /
250 ## - EDITION STATEMENT
Edition statement 5 /
260 ## - PUBLICATION, DISTRIBUTION, ETC. (IMPRINT)
Place of publication London :
Name of publisher Library Association publishing ,
Year of publication 1997.
300 ## - PHYSICAL DESCRIPTION
Number of Pages 456 ; .
942 ## - ADDED ENTRY ELEMENTS (KOHA)
Koha item type Books
Holdings
Withdrawn status Lost status Damaged status Home library Current library Date acquired Full call number Accession Number Koha item type
      KAUAET KAUAET 07/04/2012 025.42 20106 Books
free website counter